El Síndrome autista: un acercamiento a susu características y generalidades /
En este artículo se presentan aspectos generales sobre el Síndrome del Autismo, se mencionan algunas propuestas etiológicas, los aspectos clínicos relacionados con el Síndrome, entre los que se incluyen algunas definiciones y descripciones propuestas por investigadores y científicos, manuales psiqui...
Guardado en:
| Hovedforfatter: | |
|---|---|
| Format: | Texto |
| Fag: | |
| Tags: |
Tilføj Tag
Ingen Tags, Vær først til at tagge denne postø!
|
MARC
| LEADER | 00000 a a2200000 04500 | ||
|---|---|---|---|
| 001 | 5531 | ||
| 003 | |||
| 040 | |||
| 100 | |a Soto Calderón, Ronald | ||
| 245 | |a El Síndrome autista: |b un acercamiento a susu características y generalidades / |c Ronald Soto Calderón | ||
| 520 | |a En este artículo se presentan aspectos generales sobre el Síndrome del Autismo, se mencionan algunas propuestas etiológicas, los aspectos clínicos relacionados con el Síndrome, entre los que se incluyen algunas definiciones y descripciones propuestas por investigadores y científicos, manuales psiquiátricos, de los cuales se extraen los criterios propuestos para el diagnóstico del Síndrome. Por otro lado, se escribe un apartado sobre la planificación de la acción correctiva a partir de un diagnóstico, en donde se respeta la individualidad de la persona, se hace referencia a los aspectos familiares, los aspectos educativos, y a diferentes aspectos relacionados con el diagnóastico, los servicios, y el tratamiento en nuestro país. También se menciona la epidemiología del Síndrome y su pronóstico. Se presentan además un cuadro donde se resumen las características del Síndrome Autista | ||
| 650 | |a EDUCACION ESPECIAL | ||
| 773 | |g volumen 26, número 1; páginas 47-61 | ||
| 999 | |c 25106 |d 25106 | ||
